A Wheel of Time - Statistics

General Stats
  • This quiz has been taken 1,558 times
  • The average score is 39 of 70
Answer Stats
Hint Answer % Correct
Andor
86%
Novice
86%
Lanfear
84%
Trollocs
84%
Tear
83%
Accepted
82%
Aes Sedai
82%
The Eye of the World
82%
The Great Hunt
79%
Amyrlin Seat
78%
The Dragon Reborn
76%
A Memory of Light
75%
Ishamael
75%
Illian
73%
New Spring
73%
Cairhien
72%
Graendal
72%
Myrddraal
72%
Sammael
72%
Keeper of the Chronicles
70%
Asmodean
68%
Moghedien
67%
The Shadow Rising
66%
Towers of Midnight
66%
Winter's Heart
66%
Demandred
65%
Gareth Bryne
65%
The Path of Daggers
65%
Lord of Chaos
64%
Sitter
64%
A Crown of Swords
63%
Rahvin
63%
The Fires of Heaven
63%
Be'lal
62%
Knife of Dreams
61%
Shienar
61%
The Gathering Storm
61%
Aginor
60%
Saldaea
60%
Arad Doman
59%
Semirhage
59%
Crossroads of Twilight
58%
Davram Bashere
56%
Kandor
53%
Mesaana
53%
Balthamel
52%
Tarabon
51%
Draghkar
50%
Amadicia
49%
Rodel Ituralde
49%
Gholam
48%
Arafel
45%
Gray Men
45%
Murandy
45%
Pedron Niall
44%
Altara
43%
Darkhounds
42%
Ghealdan
41%
Agelmar Jagad
37%
Jumara
36%
Captain-General
28%
First Weaver
23%
First Reasoner
20%
The Highest
19%
Forgers
15%
Head Clerk
15%
First Selector
13%
First Chair
12%
Zomara
11%
Cafar
9%
No matching quizzes found
Score Distribution
Percent of People with Each Score
Percentile by Number Answered
Your Score History
You have not taken this quiz